000 00472nam a2200157Ia 4500
005 20250326134808.0
008 231217s9999 xx 000 0 und d
020 _a9788131413241
082 _a658.84 SAT;1 R
100 _aSatyanarayana Prasad ed.
245 0 _aAgricultural trade and WTO : negations and dispute settlement
260 _c2007
_bIcfai
_aHyderabad
300 _avii, 242
650 _aAgricultural,trade,WTO,negations,dispute,settlement
942 _cAA
999 _c187241
_d187241